Ética y valores (Record no. 147058)

MARC details
000 -LEADER
fixed length control field nam a22 7a 4500
005 - DATE AND TIME OF LATEST TRANSACTION
control field 20190225092320.0
008 - FIXED-LENGTH DATA ELEMENTS--GENERAL INFORMATION
fixed length control field 190218b mx ||||| |||| 00| 0 spa d
020 ## - INTERNATIONAL STANDARD BOOK NUMBER
International Standard Book Number 9702405513
050 04 - LIBRARY OF CONGRESS CALL NUMBER
Classification number BJ1142
Item number P56 2005
100 1# - MAIN ENTRY--PERSONAL NAME
Personal name Piña Osorio, Juan Manuel.
245 10 - TITLE STATEMENT
Title Ética y valores
Statement of responsibility, etc /Juan Manuel Piña Osorio, Maria Eugenia Chávez Arellano.
250 ## - EDITION STATEMENT
Edition statement 1a ed.
260 ## - PUBLICATION, DISTRIBUTION, ETC. (IMPRINT)
Place of publication, distribution, etc México :
Name of publisher, distributor, etc Publicaciones cultural,
Date of publication, distribution, etc 2005.
300 ## - PHYSICAL DESCRIPTION
Extent v. :
Other physical details il. ;
Dimensions 25 cm.
504 ## - BIBLIOGRAPHY, ETC. NOTE
Bibliography, etc Incluye glosario.
650 #7 - SUBJECT ADDED ENTRY--TOPICAL TERM
Source of heading or term lemb
Topical term or geographic name as entry element Ética
650 #7 - SUBJECT ADDED ENTRY--TOPICAL TERM
Source of heading or term lemb
Topical term or geographic name as entry element Valores Sociales
700 1# - ADDED ENTRY--PERSONAL NAME
Personal name Chávez Arellano, Ma Eugenia,
Relator term autor
942 ## - ADDED ENTRY ELEMENTS (KOHA)
Source of classification or shelving scheme Biblioteca del Cogreso de los Estados Unidos
Koha item type Libro
Holdings
Estado de pérdida Fuente de clasificación Estado del daño No para préstamo Ubicación permanente Ubicación actual Apartado o colección Fecha de adquisición Edición Área del conocimiento Clasificación Código de Barras Date last seen Número de copia Tipo de recurso Costo por reposición Enumeración de Serie / Cronológica Total Checkouts
  Biblioteca del Cogreso de los Estados Unidos   Ejemplar único Biblioteca de la Facultad de Ingeniería Mecánica Biblioteca de la Facultad de Ingeniería Mecánica General 11/06/2025 1a ed. Educación y Humanidades BJ1142 P56 2005 BIM000005522 11/06/2025 1 Libro 1.00 V2  
  Biblioteca del Cogreso de los Estados Unidos   Ejemplar único Biblioteca de la Facultad de Ingeniería Mecánica Biblioteca de la Facultad de Ingeniería Mecánica General 11/06/2025 1a ed. Educación y Humanidades BJ1142 P56 r2007 BIM000006714 11/06/2025 1 Libro 1.00 V1  
  Biblioteca del Cogreso de los Estados Unidos     Biblioteca de la Preparatoria Isaac Arriaga Biblioteca de la Preparatoria Isaac Arriaga General 18/02/2019 1a ed. Educación y Humanidades BJ1142 P56 2005 PIA000000248 18/02/2019 V.2 C:1 Libro      
  Biblioteca del Cogreso de los Estados Unidos     Biblioteca de la Preparatoria Isaac Arriaga Biblioteca de la Preparatoria Isaac Arriaga General 18/02/2019 1a ed. Educación y Humanidades BJ1142 P56 2005 PIA000003307 12/08/2019 V.2 C:2 Libro 1.00